[Event "4NCL Division 2a"]
[Site "De Vere, Staverton Park ENG"]
[Date "2013.02.24"]
[Round "6.211"]
[White "Merry, Alan B"]
[Black "Zakarian, David"]
[Result "0-1"]
[WhiteElo "2251"]
[BlackElo "2374"]
[PlyCount "138"]
[EventDate "2013.02.24"]
[WhiteTeam "Anglian Avengers 1"]
[BlackTeam "Oxford 1"]

1. d4 Nf6 2. c4 g6 3. g3 Bg7 4. Bg2 d6 5. Nc3 O-O 6. e3 c6 7. Nge2 Nbd7 8. b3
Qa5 9. O-O Re8 10. Qd2 e5 11. Bb2 Nf8 12. Rad1 Bf5 13. e4 Bg4 14. f3 Be6 15. d5
Qb6+ 16. Kh1 cxd5 17. cxd5 Bd7 18. Bc1 Rec8 19. Qd3 h5 20. Be3 Qb4 21. Bd2 b5
22. Rc1 Qa5 23. a4 bxa4 24. bxa4 Ne8 25. Rb1 Rab8 26. Rxb8 Rxb8 27. Rb1 Rxb1+
28. Qxb1 Bf6 29. Bf1 h4 30. Nc1 Bd8 31. Bb5 Qb6 32. Nd3 Bxb5 33. Qxb5 Qd4 34.
Ne2 Qa1+ 35. Nec1 Nf6 36. Qc4 N6d7 37. Bc3 Nb6 38. Bxa1 Nxc4 39. Bc3 Nd7 40.
Nb3 f5 41. Nd2 Nxd2 42. Bxd2 fxe4 43. fxe4 h3 44. Nf2 a5 45. Nxh3 Nc5 46. Nf2
Nxa4 47. Nd3 Nc5 48. Nxc5 dxc5 49. Bc3 Kf7 50. Bxe5 Bf6 51. Bf4 Bb2 52. e5 a4
53. e6+ Ke7 54. Be3 Bd4 55. Bc1 Bf6 56. Ba3 Kd6 57. Kg2 Kxd5 58. g4 Be7 59. Kf3
Kc4 60. Ke4 Kb3 61. h4 Kxa3 62. h5 gxh5 63. gxh5 c4 64. h6 c3 65. h7 c2 66.
h8=Q c1=Q 67. Qe8 Qc5 68. Qd7 Qd6 69. Qc8 Kb3 0-1

[Event "4NCL Division 2a"]
[Site "De Vere, Staverton Park ENG"]
[Date "2013.02.24"]
[Round "6.212"]
[White "Schmidt, Jan-Peter"]
[Black "Player, Edmund C"]
[Result "0-1"]
[WhiteElo "2269"]
[BlackElo "2248"]
[PlyCount "140"]
[EventDate "2013.02.24"]
[WhiteTeam "Oxford 1"]
[BlackTeam "Anglian Avengers 1"]

1. Nf3 d5 2. c4 e6 3. g3 dxc4 4. Qa4+ Nd7 5. Bg2 a6 6. Qxc4 b5 7. Qc2 Bb7 8.
O-O Ngf6 9. b3 c5 10. Bb2 Bd6 11. d3 O-O 12. Nbd2 Qb6 13. Rac1 Rac8 14. Qb1
Rfd8 15. Qa1 Bf8 16. Rc2 Qa7 17. Rfc1 Qa8 18. a3 Ne8 19. Bh3 Qb8 20. d4 cxd4
21. Nxd4 Rxc2 22. Rxc2 Ndf6 23. Qc1 Qd6 24. b4 Qd5 25. N2f3 Ne4 26. Bg2 N8d6
27. Nd2 Qh5 28. Nc6 Bxc6 29. Rxc6 Qxe2 30. Rc2 Qxf2+ 31. Kh1 Nxd2 32. Rxd2 Qb6
33. Qd1 Rc8 34. Bd4 Qc7 35. Bc5 Nc4 36. Rd7 Qe5 37. Bb7 Re8 38. Bd4 Qg5 39. Qd3
e5 40. Bc5 e4 41. Qd1 Ne3 42. Bxe3 Qxe3 43. Bd5 Re7 44. Rxe7 Bxe7 45. Qf1 Bf6
46. Qf5 Qe1+ 47. Kg2 Qe2+ 48. Kh3 g6 49. Qxe4 Qf1+ 50. Qg2 Qf5+ 51. g4 Qg5 52.
Qe4 Kg7 53. Qf3 Qh4+ 54. Kg2 Qg5 55. h3 h5 56. Kf1 Qc1+ 57. Kg2 h4 58. Bb3 Qb2+
59. Kf1 Qb1+ 60. Kg2 Qb2+ 61. Kf1 Qxa3 62. Qd5 Qc1+ 63. Kg2 Qc7 64. Kh1 Be5 65.
Kg2 Qe7 66. Kf1 Bc3 67. Kf2 Qe1+ 68. Kf3 Qf1+ 69. Ke4 Qe2+ 70. Kf4 Bd2+ 0-1

[Event "4NCL Division 2a"]
[Site "De Vere, Staverton Park ENG"]
[Date "2013.02.24"]
[Round "6.213"]
[White "Lindner, Daniel"]
[Black "Rose, Matthew"]
[Result "1/2-1/2"]
[WhiteElo "2202"]
[BlackElo "2303"]
[PlyCount "27"]
[EventDate "2013.02.24"]
[WhiteTeam "Anglian Avengers 1"]
[BlackTeam "Oxford 1"]

1. c4 Nf6 2. g3 g6 3. Bg2 Bg7 4. Nc3 O-O 5. Nf3 d6 6. d4 Nbd7 7. O-O e5 8. b3
Re8 9. dxe5 dxe5 10. e4 c6 11. Bb2 Qc7 12. Qc2 a5 13. Na4 Bf8 14. c5 1/2-1/2

[Event "4NCL Division 2a"]
[Site "De Vere, Staverton Park ENG"]
[Date "2013.02.24"]
[Round "6.214"]
[White "Dickinson, Tim R"]
[Black "Talsma, Paul A"]
[Result "1/2-1/2"]
[WhiteElo "2134"]
[BlackElo "2185"]
[PlyCount "35"]
[EventDate "2013.02.24"]
[WhiteTeam "Oxford 1"]
[BlackTeam "Anglian Avengers 1"]

1. d4 f5 2. g3 Nf6 3. Bg2 d6 4. Nf3 c6 5. O-O Qc7 6. Nc3 e5 7. dxe5 dxe5 8. e4
Be7 9. exf5 Bxf5 10. Qe2 Nbd7 11. Re1 Bd6 12. Ng5 h6 13. Nge4 O-O 14. Be3 Nxe4
15. Bxe4 Be6 16. Rad1 Nf6 17. Bg2 a6 18. Ne4 1/2-1/2

[Event "4NCL Division 2a"]
[Site "De Vere, Staverton Park ENG"]
[Date "2013.02.24"]
[Round "6.215"]
[White "Munson, Shaun D"]
[Black "Smallbone, Kieran D"]
[Result "0-1"]
[WhiteElo "2177"]
[BlackElo "2211"]
[PlyCount "154"]
[EventDate "2013.02.24"]
[WhiteTeam "Anglian Avengers 1"]
[BlackTeam "Oxford 1"]

1. d4 d5 2. Bg5 f6 3. Bh4 Nh6 4. e3 Nf5 5. Bd3 h5 6. Bxf5 Bxf5 7. f3 Nc6 8. Nc3
Qd7 9. Nge2 g5 10. Bf2 O-O-O 11. e4 dxe4 12. fxe4 Bg6 13. d5 Qg4 14. O-O Bxe4
15. Nxe4 Qxe4 16. Nc3 Qc4 17. Qf3 Ne5 18. Qe3 Qa6 19. Rad1 Ng4 20. Qh3 f5 21.
Be3 Nxe3 22. Qxe3 f4 23. Qe5 Qf6 24. Qe4 Bg7 25. Kh1 Rhe8 26. Nb5 Qb6 27. c4 a6
28. Nc3 e6 29. Na4 Qb4 30. Qc2 exd5 31. cxd5 Qe4 32. Qb3 Bd4 33. Nc3 Bxc3 34.
bxc3 h4 35. c4 Qe3 36. Qc2 h3 37. Qf5+ Kb8 38. Qxh3 Qxh3 39. gxh3 Re2 40. Rg1
Rxa2 41. Rxg5 Rh8 42. Rg2 Ra3 43. c5 Rhxh3 44. d6 cxd6 45. cxd6 Rad3 46. Rgd2
Rxd2 47. Rxd2 Kc8 48. Kg2 Rh6 49. Kf3 Kd7 50. Kxf4 Rxd6 51. Rb2 b5 52. h4 Kc6
53. h5 a5 54. Rc2+ Kb6 55. Kg5 b4 56. h6 Rd8 57. h7 b3 58. Rh2 a4 59. h8=Q Rxh8
60. Rxh8 Kc7 61. Ra8 b2 62. Rxa4 b1=Q 63. Rf4 Kd6 64. Kf6 Qg1 65. Rf5 Qg4 66.
Rg5 Qe6+ 67. Kg7 Ke7 68. Kh7 Kf8 69. Ra5 Kf7 70. Ra7+ Kf6 71. Rg7 Qe8 72. Rg1
Qh5+ 73. Kg8 Qf7+ 74. Kh8 Qa7 75. Rg4 Qc7 76. Rg2 Qc8+ 77. Kh7 Qb7+ 0-1

[Event "4NCL Division 2a"]
[Site "De Vere, Staverton Park ENG"]
[Date "2013.02.24"]
[Round "6.216"]
[White "Rawlinson, Aidan M"]
[Black "Tozer, Philip AA"]
[Result "1-0"]
[WhiteElo "2171"]
[BlackElo "2174"]
[PlyCount "107"]
[EventDate "2013.02.24"]
[WhiteTeam "Oxford 1"]
[BlackTeam "Anglian Avengers 1"]

1. d4 e6 2. c4 f5 3. g3 Nf6 4. Bg2 c6 5. Nf3 d5 6. O-O Bd6 7. Nc3 O-O 8. Qc2
Ne4 9. Rb1 Nd7 10. b4 Nxc3 11. Qxc3 b5 12. Bg5 Nf6 13. cxd5 cxd5 14. Rfc1 Bd7
15. Ne5 Be8 16. e3 Qb6 17. Bxf6 Rxf6 18. Nd3 Rf7 19. f4 Rc7 20. Nc5 Bxc5 21.
bxc5 Qc6 22. Qa5 Rb7 23. Rb2 Rb6 24. Bf1 Rb7 25. Rcb1 Rab8 26. Kf2 Kf8 27. Ke1
Kg8 28. Kd1 Kf8 29. Kc1 Kg8 30. Bd3 Kf8 31. Rb3 a6 32. Kb2 Bd7 33. Ka1 Ke7 34.
R3b2 Be8 35. h3 g6 36. g4 Bd7 37. Rg2 Kf7 38. h4 b4 39. gxf5 exf5 40. Qxa6 Qc7
41. h5 Bc6 42. hxg6+ hxg6 43. Bc2 Ra7 44. Rh1 Rxa6 45. Rh7+ Kf6 46. Rxc7 Bb5
47. Bb3 Bc4 48. Rb2 Re6 49. Rh2 Rxe3 50. Rhh7 Rf8 51. Bxc4 dxc4 52. d5 Re1+ 53.
Kb2 c3+ 54. Kb3 1-0

[Event "4NCL Division 2a"]
[Site "De Vere, Staverton Park ENG"]
[Date "2013.02.24"]
[Round "6.217"]
[White "Taylor, Adam C"]
[Black "Healey, Michael W"]
[Result "1-0"]
[WhiteElo "1966"]
[BlackElo "2088"]
[PlyCount "57"]
[EventDate "2013.02.24"]
[WhiteTeam "Anglian Avengers 1"]
[BlackTeam "Oxford 1"]

1. c4 Nf6 2. Nc3 e5 3. g3 Nc6 4. Bg2 d6 5. e4 Bg4 6. f3 Be6 7. Nd5 Be7 8. Ne2
Qd7 9. d4 Nxd4 10. Nxd4 exd4 11. Qxd4 Bd8 12. Qd3 O-O 13. O-O Ne8 14. g4 a6 15.
a4 c6 16. Nc3 a5 17. Be3 f6 18. h3 Qf7 19. b3 Ra6 20. f4 Bb6 21. f5 Bc8 22.
Rfd1 Qc7 23. Bf1 d5 24. c5 Qg3+ 25. Bg2 Bc7 26. exd5 Be5 27. d6 b6 28. Ne2 Bxf5
29. gxf5 1-0

[Event "4NCL Division 2a"]
[Site "De Vere, Staverton Park ENG"]
[Date "2013.02.24"]
[Round "6.218"]
[White "Foster, Chantelle L"]
[Black "Gray, Mark S"]
[Result "0-1"]
[WhiteElo "1857"]
[BlackElo "2074"]
[PlyCount "104"]
[EventDate "2013.02.24"]
[WhiteTeam "Oxford 1"]
[BlackTeam "Anglian Avengers 1"]

1. e4 e5 2. Nf3 Nc6 3. Bb5 a6 4. Ba4 Nf6 5. O-O Nxe4 6. d4 b5 7. Bb3 d5 8. dxe5
Be6 9. Nbd2 Nc5 10. c3 Bf5 11. Bc2 Bxc2 12. Qxc2 d4 13. cxd4 Nxd4 14. Nxd4 Qxd4
15. Nf3 Qd3 16. Qd1 Be7 17. Be3 O-O-O 18. Qc1 Qd5 19. Nd4 Nd3 20. Nc6 Bc5 21.
Qc3 Qxc6 22. Rad1 b4 23. Qc4 Nxe5 24. Qxc5 Qxc5 25. Bxc5 Nd3 26. Be7 Rd7 27. g3
Re8 28. Bg5 Nxb2 29. Rd2 Rxd2 30. Bxd2 Nd3 31. Be3 c5 32. Rd1 c4 33. Kf1 Kc7
34. Ke2 Kc6 35. Kd2 a5 36. Ra1 Rd8 37. Kc2 Kb5 38. a4+ Kc6 39. Rd1 Rd5 40. Rb1
Ne5 41. h3 Rd3 42. Bc1 b3+ 43. Kb2 Rd1 44. Kc3 Rd3+ 45. Kb2 Rd1 46. Kc3 Nd3 47.
Kxc4 Rxc1+ 48. Rxc1 Nxc1 49. Kc3 Kc5 50. Kb2 Nd3+ 51. Kxb3 Nxf2 52. h4 h5 0-1

[Event "4NCL Division 2a"]
[Site "De Vere, Staverton Park ENG"]
[Date "2013.02.24"]
[Round "6.221"]
[White "Harley, Andrew D"]
[Black "Crouch, Colin S"]
[Result "1/2-1/2"]
[WhiteElo "2234"]
[BlackElo "2388"]
[PlyCount "59"]
[EventDate "2013.02.24"]
[WhiteTeam "Poisoned Pawns"]
[BlackTeam "Pandora's Box Grantham"]

1. e4 e5 2. Nf3 Nc6 3. Bb5 Nf6 4. O-O Nxe4 5. d4 Nd6 6. Bxc6 dxc6 7. dxe5 Nf5
8. Qxd8+ Kxd8 9. Nc3 Ke8 10. b3 h5 11. Ne4 c5 12. Bb2 Bd7 13. Rfe1 Bc6 14. Rad1
Be7 15. Nf6+ Kf8 16. Nd5 Rh6 17. c4 Bxd5 18. Rxd5 Ra6 19. a4 Rb6 20. Rd3 Rd8
21. Red1 Ke8 22. Rxd8+ Bxd8 23. Rd3 Re6 24. Kf1 c6 25. Nd2 Bc7 26. f4 g5 27. g3
gxf4 28. gxf4 Bd8 29. Ne4 b6 30. Ng3 1/2-1/2

[Event "4NCL Division 2a"]
[Site "De Vere, Staverton Park ENG"]
[Date "2013.02.24"]
[Round "6.222"]
[White "Ross, Chris N"]
[Black "Swanson, Stephen"]
[Result "1/2-1/2"]
[WhiteElo "2247"]
[BlackElo "2253"]
[PlyCount "215"]
[EventDate "2013.02.24"]
[WhiteTeam "Pandora's Box Grantham"]
[BlackTeam "Poisoned Pawns"]

1. e4 g6 2. d4 Bg7 3. Nc3 d6 4. Be3 a6 5. Qd2 Nd7 6. h4 h5 7. O-O-O b5 8. f3
Bb7 9. Nh3 Rc8 10. Kb1 c5 11. dxc5 Nxc5 12. Bd4 Bxd4 13. Qxd4 Nf6 14. Nd5 Bxd5
15. exd5 Qc7 16. Rd2 Ncd7 17. Qd3 Qc5 18. Qb3 Rb8 19. Nf4 a5 20. a3 O-O 21. g4
a4 22. Qb4 Qxb4 23. axb4 hxg4 24. fxg4 Ne5 25. g5 Ne4 26. Rg2 Nf3 27. Kc1 a3
28. bxa3 Kg7 29. Rh3 Ne5 30. Re3 f5 31. gxf6+ Nxf6 32. Be2 Kh6 33. Ne6 Rg8 34.
Nf4 Rbf8 35. Bxb5 Nfg4 36. Re4 Nf6 37. Re1 Nfg4 38. Ne6 Rf3 39. Kb2 Ra8 40. a4
Ne3 41. Rge2 N3c4+ 42. Kc1 Ra3 43. Kb1 R3xa4 44. Bxa4 Rxa4 45. c3 Ra3 46. Rxe5
Nxe5 47. Kb2 Ra8 48. Re4 Kh5 49. Nf4+ Kh6 50. c4 Ra4 51. Kb3 Ra1 52. c5 Rb1+
53. Kc2 Rf1 54. c6 Rf2+ 55. Kc3 Rf3+ 56. Kc2 Rf2+ 57. Kb3 Rf3+ 58. Ka4 g5 59.
hxg5+ Kxg5 60. Ne6+ Kg6 61. b5 Rf1 62. c7 Nd7 63. Ka5 Rc1 64. Ka6 Rxc7 65. Rg4+
Kf5 66. Nxc7 Kxg4 67. b6 Kf5 68. b7 Kf6 69. Ne6 Ke5 70. Nc7 Kf6 71. Kb5 Ke5 72.
Kc4 Nb8 73. Kd3 Nd7 74. Kc3 Nb8 75. Kd3 Nd7 76. Kc3 Nb8 77. Kc4 Nd7 78. Ne6 Kf6
79. Nd4 Ke5 80. Nc6+ Kf6 81. Nd8 Ke5 82. Ne6 Nb8 83. Nf8 Kf6 84. Kd4 Kf7 85.
Ne6 Kf6 86. Ke4 Nd7 87. Kf4 Nb8 88. Nf8 Kf7 89. Nh7 Kg7 90. Ng5 Kf6 91. Ne4+
Kg6 92. Nd2 Kf6 93. Ne4+ Kg6 94. Ng5 Kf6 95. Ne6 Nd7 96. Nd8 Nb8 97. Ke4 Nd7
98. Kd4 Nb8 99. Nc6 Nd7 100. Ke3 e6 101. Kd4 Kf5 102. Ne7+ Kf6 103. Nc8 exd5
104. Kxd5 Nb8 105. Kxd6 Na6 106. Kc6 Ke6 107. Kb6 Nb8 108. Kc7 1/2-1/2

[Event "4NCL Division 2a"]
[Site "De Vere, Staverton Park ENG"]
[Date "2013.02.24"]
[Round "6.223"]
[White "Byway, Paul V"]
[Black "Batchelor, Peter J"]
[Result "1/2-1/2"]
[WhiteElo "2157"]
[BlackElo "2127"]
[PlyCount "70"]
[EventDate "2013.02.24"]
[WhiteTeam "Poisoned Pawns"]
[BlackTeam "Pandora's Box Grantham"]

1. Nf3 Nf6 2. c4 e6 3. g3 b6 4. Bg2 Bb7 5. O-O Be7 6. Nc3 O-O 7. d4 Ne4 8. Nxe4
Bxe4 9. Ne1 Bxg2 10. Nxg2 d5 11. cxd5 Qxd5 12. Nf4 Qd7 13. e3 Rd8 14. Qe2 c5
15. dxc5 Bxc5 16. b3 e5 17. Ng2 Nc6 18. Bb2 a5 19. Rfd1 Qe6 20. Rxd8+ Nxd8 21.
Ne1 e4 22. Nc2 Nc6 23. Nd4 Bxd4 24. Bxd4 a4 25. Qb2 Nxd4 26. Qxd4 axb3 27. axb3
Rxa1+ 28. Qxa1 h6 29. Qd1 g6 30. b4 b5 31. h4 Qc4 32. Qd2 Kg7 33. Qd6 Qc3 34.
Qe7 Qd3 35. Kg2 Qd5 1/2-1/2

[Event "4NCL Division 2a"]
[Site "De Vere, Staverton Park ENG"]
[Date "2013.02.24"]
[Round "6.224"]
[White "Burrows, Martin P"]
[Black "Goodger, Martyn"]
[Result "0-1"]
[WhiteElo "2147"]
[BlackElo "2086"]
[PlyCount "106"]
[EventDate "2013.02.24"]
[WhiteTeam "Pandora's Box Grantham"]
[BlackTeam "Poisoned Pawns"]

1. e4 e5 2. Bc4 d6 3. Nf3 Be7 4. d4 exd4 5. Nxd4 Nf6 6. Nc3 O-O 7. O-O Re8 8.
Re1 Bf8 9. Bg5 c6 10. a4 Nbd7 11. Ba2 h6 12. Bh4 Ne5 13. h3 Ng6 14. Bg3 Qa5 15.
Qf3 Ne5 16. Qe3 Bd7 17. Kh1 Ng6 18. f4 Qb4 19. Nf3 d5 20. Ne5 Nxe5 21. fxe5
Nxe4 22. Nxe4 dxe4 23. Qxe4 Qxe4 24. Rxe4 Rad8 25. Rf1 Be6 26. Bxe6 Rxe6 27.
Ref4 Rd7 28. R4f3 g6 29. Rd3 Rxd3 30. cxd3 Bc5 31. b3 Bd4 32. Re1 Kf8 33. Re4
Bc3 34. Kg1 Ke8 35. Kf2 c5 36. Ke2 Kd7 37. Bf2 b6 38. Bg3 Kc6 39. h4 h5 40. Kf3
Kd5 41. Bf4 Bxe5 42. g4 hxg4+ 43. Kg3 f5 44. Rc4 Bxf4+ 45. Kxf4 Re1 46. Kg5 g3
47. Rc2 Rf1 48. Kxg6 f4 49. Rg2 Rf2 50. Rg1 f3 51. h5 Rg2 52. Rf1 f2 53. h6 Rh2
0-1

[Event "4NCL Division 2a"]
[Site "De Vere, Staverton Park ENG"]
[Date "2013.02.24"]
[Round "6.225"]
[White "McEwan, Ken B"]
[Black "Mangione, Claudio"]
[Result "1/2-1/2"]
[WhiteElo "2100"]
[BlackElo "2098"]
[PlyCount "39"]
[EventDate "2013.02.24"]
[WhiteTeam "Poisoned Pawns"]
[BlackTeam "Pandora's Box Grantham"]

1. d4 g6 2. e4 d6 3. Be2 Bg7 4. c3 Nc6 5. Nf3 e5 6. dxe5 dxe5 7. Qxd8+ Nxd8 8.
Na3 Ne6 9. g3 Bd7 10. Be3 f6 11. Nd2 Bh6 12. Nc2 O-O-O 13. O-O-O Bxe3 14. Nxe3
Ne7 15. Nb3 Ng5 16. f3 b6 17. h4 Nf7 18. Rd2 Be6 19. Rhd1 c6 20. Bc4 1/2-1/2

[Event "4NCL Division 2a"]
[Site "De Vere, Staverton Park ENG"]
[Date "2013.02.24"]
[Round "6.226"]
[White "Birtwistle, Nigel"]
[Black "Rosen, Daniel B"]
[Result "1/2-1/2"]
[WhiteElo "2148"]
[BlackElo "2085"]
[PlyCount "69"]
[EventDate "2013.02.24"]
[WhiteTeam "Pandora's Box Grantham"]
[BlackTeam "Poisoned Pawns"]

1. e4 g6 2. d4 Bg7 3. c4 d6 4. Nc3 Nc6 5. Nge2 e5 6. d5 Nce7 7. Ng3 f5 8. exf5
Nxf5 9. Nxf5 Bxf5 10. Bd3 Qd7 11. O-O Ne7 12. Bxf5 gxf5 13. Qb3 Qc8 14. Bg5 Ng6
15. Qb5+ Kf7 16. Bd2 h5 17. c5 a6 18. Qc4 Bh6 19. Bxh6 Rxh6 20. cxd6 cxd6 21.
Qb4 Nf4 22. g3 Rg6 23. Kh1 Nd3 24. Qh4 Nxb2 25. Qxh5 Qd7 26. Rab1 Rc8 27. g4
fxg4 28. Ne4 Kg7 29. Ng3 Rc2 30. Nf5+ Kf6 31. Nh4 Rg7 32. Qh6+ Kf7 33. Qh5+ Kf6
34. Qh6+ Kf7 35. Qh5+ 1/2-1/2

[Event "4NCL Division 2a"]
[Site "De Vere, Staverton Park ENG"]
[Date "2013.02.24"]
[Round "6.227"]
[White "McCorry, Robert T"]
[Black "David, Ivan"]
[Result "1/2-1/2"]
[WhiteElo "2076"]
[BlackElo "1777"]
[PlyCount "128"]
[EventDate "2013.02.24"]
[WhiteTeam "Poisoned Pawns"]
[BlackTeam "Pandora's Box Grantham"]

1. e4 c6 2. d4 d5 3. Nd2 dxe4 4. Nxe4 Nd7 5. Bc4 Ngf6 6. Ng5 e6 7. Qe2 Nb6 8.
Bb3 h6 9. N5f3 c5 10. dxc5 Nbd7 11. Be3 Qa5+ 12. Bd2 Qc7 13. Ba4 Bxc5 14. Ne5
O-O 15. Ngf3 Bd6 16. Bxd7 Nxd7 17. Bc3 b5 18. Nxd7 Bxd7 19. a3 a5 20. O-O b4
21. Be5 Rab8 22. Bxd6 Qxd6 23. Rfd1 Qc7 24. axb4 axb4 25. Ne5 Bb5 26. Qe4 Rfc8
27. Rdc1 Be8 28. h3 f6 29. Nd3 Qc4 30. Qxc4 Rxc4 31. c3 bxc3 32. Rxc3 Rc6 33.
Rxc6 Bxc6 34. Rc1 Bd5 35. Rc3 e5 36. f3 Bf7 37. b4 Bg6 38. Rb3 Bxd3 39. Rxd3
Rxb4 40. Rd7 h5 41. g3 Rb2 42. Ra7 Kh7 43. h4 Kh6 44. Ra6 Rd2 45. Rb6 Kg6 46.
Rb7 f5 47. Rb6+ Kf7 48. Rb7+ Kf6 49. Rb6+ Ke7 50. Rb7+ Rd7 51. Rb6 Rd6 52. Rb7+
Kf6 53. Ra7 g6 54. Kf2 e4 55. fxe4 fxe4 56. Ra5 Re6 57. Ke3 Re5 58. Ra6+ Kf5
59. Rb6 Rd5 60. Ke2 Rd3 61. Kf2 Rf3+ 62. Kg2 Ra3 63. Rb5+ Kf6 64. Rb6+ Kf5
1/2-1/2

[Event "4NCL Division 2a"]
[Site "De Vere, Staverton Park ENG"]
[Date "2013.02.24"]
[Round "6.228"]
[White "Batchelor, Guy J"]
[Black "Sucikova, Svetlana"]
[Result "0-1"]
[WhiteElo "1848"]
[BlackElo "1860"]
[PlyCount "48"]
[EventDate "2013.02.24"]
[WhiteTeam "Pandora's Box Grantham"]
[BlackTeam "Poisoned Pawns"]

1. d4 d5 2. Nf3 Bf5 3. Bf4 Nf6 4. e3 e6 5. Bd3 Bxd3 6. Qxd3 Nbd7 7. Nbd2 c5 8.
c3 Be7 9. Ne5 O-O 10. h4 Rc8 11. Ndf3 Nb6 12. Bg5 cxd4 13. exd4 Nc4 14. Nxc4
Rxc4 15. Ne5 Rc8 16. O-O-O Ne4 17. Bxe7 Qxe7 18. Qe3 Rxc3+ 19. bxc3 Qa3+ 20.
Kb1 Nxc3+ 21. Kc2 Rc8 22. Kd2 Qxa2+ 23. Kd3 Nxd1 24. Rxd1 Qc2# 0-1

[Event "4NCL Division 2a"]
[Site "De Vere, Staverton Park ENG"]
[Date "2013.02.24"]
[Round "6.31"]
[White "Jones, Richard S"]
[Black "Ivell, Nicholas W"]
[Result "1/2-1/2"]
[WhiteElo "2394"]
[BlackElo "2320"]
[PlyCount "74"]
[EventDate "2013.02.24"]
[WhiteTeam "Rhyfelwyr Essyllwg 1"]
[BlackTeam "Spirit of Atticus"]

1. e4 c5 2. Nf3 e6 3. d4 cxd4 4. Nxd4 Nf6 5. Nc3 d6 6. Be3 Be7 7. f4 Nc6 8. Qf3
e5 9. Nxc6 bxc6 10. fxe5 dxe5 11. Bc4 O-O 12. O-O Qa5 13. a3 Bc5 14. b4 Bxe3+
15. Qxe3 Qb6 16. Qxb6 axb6 17. Rfd1 Bg4 18. Rd6 Rfc8 19. a4 b5 20. Bb3 Kf8 21.
h3 Bh5 22. Re1 bxa4 23. Nxa4 Rab8 24. c3 Ke7 25. Rd3 c5 26. Nxc5 Rxc5 27. bxc5
Rxb3 28. Ra1 Rb7 29. Ra5 Rc7 30. Rd5 Nxd5 31. exd5 Kd7 32. Kf2 Bg6 33. Ke3 f5
34. g3 Rc8 35. Ra7+ Rc7 36. Ra5 Rc8 37. Ra7+ Rc7 1/2-1/2

[Event "4NCL Division 2a"]
[Site "De Vere, Staverton Park ENG"]
[Date "2013.02.24"]
[Round "6.32"]
[White "Carleton, John J"]
[Black "Kett, Timothy J"]
[Result "1-0"]
[WhiteElo "2277"]
[BlackElo "2220"]
[PlyCount "107"]
[EventDate "2013.02.24"]
[WhiteTeam "Spirit of Atticus"]
[BlackTeam "Rhyfelwyr Essyllwg 1"]

1. d4 Nf6 2. c4 e6 3. Nc3 Bb4 4. Qc2 O-O 5. e4 d6 6. e5 dxe5 7. dxe5 Ng4 8. a3
Bxc3+ 9. Qxc3 f6 10. exf6 Qxf6 11. Qxf6 gxf6 12. Be2 Ne5 13. f4 Ng6 14. Nf3 Nc6
15. Bd2 b6 16. g3 Bb7 17. Rf1 Nge7 18. O-O-O Nf5 19. Bd3 Ncd4 20. Nxd4 Nxd4 21.
Be3 c5 22. Bxd4 cxd4 23. Rfe1 Rae8 24. Be4 Bxe4 25. Rxe4 e5 26. Kc2 Kg7 27.
Rde1 Kg6 28. Kd3 Kf5 29. g4+ Kg6 30. h4 Rd8 31. fxe5 fxe5 32. Rxe5 Rf3+ 33. Kd2
Rb3 34. Kc2 Rg3 35. Rg5+ Kf6 36. Rf5+ Kg6 37. Re6+ Kg7 38. Rd5 Rf8 39. Rxd4
Rf2+ 40. Rd2 Rxd2+ 41. Kxd2 Rxg4 42. Kc3 Rxh4 43. Re7+ Kg6 44. Rxa7 Rf4 45. Ra6
Rf6 46. a4 h5 47. c5 h4 48. cxb6 h3 49. b7 h2 50. b8=Q h1=Q 51. Qg8+ Kf5 52.
Ra5+ Kf4 53. Qg5+ Ke4 54. Qd5+ 1-0

[Event "4NCL Division 2a"]
[Site "De Vere, Staverton Park ENG"]
[Date "2013.02.24"]
[Round "6.33"]
[White "Spice, Alan P"]
[Black "Mitchell, Martin"]
[Result "0-1"]
[WhiteElo "2099"]
[BlackElo "2213"]
[PlyCount "108"]
[EventDate "2013.02.24"]
[WhiteTeam "Rhyfelwyr Essyllwg 1"]
[BlackTeam "Spirit of Atticus"]

1. Nc3 d5 2. e4 d4 3. Nce2 e5 4. Ng3 Be6 5. c3 c5 6. Nf3 Nd7 7. Bb5 f6 8. Qe2
g6 9. a4 Bd6 10. a5 Nh6 11. a6 b6 12. d3 Nf7 13. Nd2 Be7 14. Nc4 Rc8 15. f4 Nd6
16. Nxd6+ Bxd6 17. f5 Bf7 18. O-O g5 19. Nh5 Rg8 20. Bxd7+ Kxd7 21. c4 g4 22.
Ng3 h5 23. Re1 Qe7 24. Nf1 Rg7 25. Nd2 Rh8 26. Nb1 Kc8 27. Na3 Be8 28. Qc2 Qd8
29. Bd2 Bf8 30. Qb3 Kb8 31. Nb5 Bc6 32. Qa4 Rc7 33. Qb3 Rc8 34. Na3 Bg7 35.
Reb1 Qf8 36. Qa2 Bh6 37. b4 Bxd2 38. Qxd2 cxb4 39. Rxb4 Ka8 40. Rb2 Rh7 41. Nc2
Kb8 42. Nb4 Ba8 43. Ra5 bxa5 44. Nd5+ Bb7 45. Qxa5 Qd6 46. Qb5 Qc6 47. axb7
Rxb7 48. Qxb7+ Qxb7 49. Rxb7+ Kxb7 50. Kf2 a5 51. Ke1 Rb8 52. c5 Kc6 53. Nb6
Rb7 54. Nc4 Ra7 0-1

[Event "4NCL Division 2a"]
[Site "De Vere, Staverton Park ENG"]
[Date "2013.02.24"]
[Round "6.34"]
[White "Latham, David"]
[Black "Brown, Tom"]
[Result "0-1"]
[WhiteElo "2143"]
[BlackElo "2083"]
[PlyCount "120"]
[EventDate "2013.02.24"]
[WhiteTeam "Spirit of Atticus"]
[BlackTeam "Rhyfelwyr Essyllwg 1"]

1. d4 Nf6 2. c4 g6 3. g3 Bg7 4. Bg2 d6 5. Nf3 O-O 6. O-O Nbd7 7. Nc3 e5 8. e4
exd4 9. Nxd4 Re8 10. Re1 a6 11. Nc2 Rb8 12. a4 Nc5 13. Ra3 Bd7 14. b4 Ne6 15.
Qd3 Ng4 16. f4 c5 17. b5 Nd4 18. Ne2 axb5 19. axb5 d5 20. Nexd4 dxc4 21. Qxc4
cxd4 22. h3 d3 23. hxg4 dxc2 24. Qxc2 Bxb5 25. Rd1 Qc8 26. Qxc8 Rexc8 27. e5
Be2 28. Re1 Bxg4 29. Be3 b5 30. Ba7 Bf8 31. Rb3 Be6 32. Rbb1 Bc5+ 33. Bxc5 Rxc5
34. Rb4 Rc3 35. Kf2 Rd8 36. Bf1 Rd2+ 37. Re2 Rdd3 38. Rxb5 Rf3+ 39. Kg1 Bc4 40.
Rb8+ Kg7 41. Rf2 Rxg3+ 42. Bg2 Rg4 43. Rc8 Rh4 44. Be4 Rg3+ 45. Rg2 Rxg2+ 46.
Kxg2 Be6 47. Rc5 Rxf4 48. Bf3 Rc4 49. Ra5 g5 50. Bd5 Rc2+ 51. Kg3 Rc3+ 52. Kf2
Kg6 53. Be4+ Kg7 54. Bd5 h5 55. Be4 g4 56. Kg2 Kh6 57. Bd5 Rc2+ 58. Kf1 Kg5 59.
Bxe6 fxe6 60. Ra8 Rc5 0-1

[Event "4NCL Division 2a"]
[Site "De Vere, Staverton Park ENG"]
[Date "2013.02.24"]
[Round "6.35"]
[White "Trevelyan, John"]
[Black "Jackson, Sheila"]
[Result "1-0"]
[WhiteElo "2129"]
[BlackElo "2177"]
[PlyCount "111"]
[EventDate "2013.02.24"]
[WhiteTeam "Rhyfelwyr Essyllwg 1"]
[BlackTeam "Spirit of Atticus"]

1. d4 Nf6 2. c4 e6 3. Nf3 Bb4+ 4. Bd2 c5 5. Bxb4 cxb4 6. Nbd2 O-O 7. e4 d6 8.
Bd3 Nc6 9. d5 exd5 10. cxd5 Ne7 11. O-O Ng6 12. Nc4 Re8 13. Re1 b5 14. Ncd2 Qb6
15. Rc1 Bd7 16. Nb3 a5 17. Nbd4 Rac8 18. Bb1 Rc4 19. Qd2 Bg4 20. b3 Rxc1 21.
Qxc1 Rc8 22. Qd2 Bd7 23. h3 h6 24. Ne2 Re8 25. Ng3 Ne5 26. Nxe5 Rxe5 27. Kh2
Re8 28. Rc1 Rc8 29. Rxc8+ Bxc8 30. Kg1 Qc5 31. Ne2 Bd7 32. Qd4 a4 33. f3 Kf8
34. Bd3 Ne8 35. Qxc5 dxc5 36. e5 axb3 37. axb3 Nc7 38. d6 Nd5 39. Kf2 Nb6 40.
Ke3 c4 41. Bc2 Be6 42. Nf4 Nd5+ 43. Nxd5 Bxd5 44. g3 cxb3 45. Bb1 Ke8 46. f4 f6
47. Kd2 fxe5 48. fxe5 Kf7 49. Bf5 g6 50. Bxg6+ Ke6 51. Bf5+ Kf7 52. Kc1 Bc4 53.
Kb2 Bd5 54. Bg4 Bc4 55. Bd1 Ke6 56. Bxb3 1-0

[Event "4NCL Division 2a"]
[Site "De Vere, Staverton Park ENG"]
[Date "2013.02.24"]
[Round "6.36"]
[White "Mort, Andrew J"]
[Black "Smith, Olivia"]
[Result "1-0"]
[WhiteElo "2021"]
[BlackElo "2011"]
[PlyCount "76"]
[EventDate "2013.02.24"]
[WhiteTeam "Spirit of Atticus"]
[BlackTeam "Rhyfelwyr Essyllwg 1"]

1. c4 Nf6 2. g3 e5 3. Bg2 c6 4. d4 exd4 5. Qxd4 Na6 6. Nf3 Bc5 7. Qd1 O-O 8.
O-O d5 9. cxd5 Nxd5 10. a3 Re8 11. b4 Bb6 12. Qc2 Nac7 13. Bb2 Qe7 14. Nbd2 a5
15. e4 Nf6 16. Nc4 Ba7 17. e5 Nfd5 18. h4 axb4 19. Nd6 Rf8 20. Ng5 g6 21. Nxc8
Rfxc8 22. Ne4 bxa3 23. Rxa3 Nb5 24. Raa1 Nd4 25. Qd1 Nf5 26. Bh3 Rd8 27. Qf3
Nd4 28. Qd1 c5 29. Re1 Qxe5 30. Bg2 Qc7 31. Rc1 Ne6 32. Qg4 c4 33. Red1 Rac8
34. Rxd5 Bxf2+ 35. Kh2 Rxd5 36. Nf6+ Kf8 37. Nxd5 Qd6 38. Rf1 Bc5 1-0